Developmental therapy sourcebook /

Bibliographic Details
Other Authors: Wood, Mary M.
Format: Book
Language:English
Published: Baltimore : University Park Press, [1981]
Subjects:

MARC

Tag First Indicator Second Indicator Subfields
LEADER 00000pam a2200000 a 4500
001 in00000082013
005 20151008055449.0
008 800617s1981 mdua b 00100 engm
010 |a  80018320  
020 |a 0839116004 (v. 1) 
020 |a 0839116012 (v. 2) 
035 |a (OCoLC)06487116 
035 |9 AAJ3532AM 
040 |a DLC  |c DLC  |d TXA  |d UtOrBLW 
049 |a TXAM  |v 1 [1196231]  |v 2 [1196232] 
050 0 0 |a RJ504  |b .D47 
060 0 |a WS350.6 D4894 
082 0 |a 618.92/8914 
245 0 0 |a Developmental therapy sourcebook /  |c edited by Mary M. Wood. 
264 1 |a Baltimore :  |b University Park Press,  |c [1981] 
264 4 |c ©1981 
300 |a 2 volumes :  |b illustrations ;  |c 28 cm. 
336 |a text  |b txt  |2 rdacontent 
337 |a unmediated  |b n  |2 rdamedia 
338 |a volume  |b nc  |2 rdacarrier 
500 |a Includes indexes. 
504 |a Bibliography: volume 1, pages 167-178; volume 2, pages 221-228. 
505 0 |a v. 1. Music, movement, and physical skills -- v. 2. Fantasy and make believe. 
650 0 |a Child psychotherapy. 
650 0 |a Mentally ill children  |x Education. 
650 0 |a Autistic children  |x Education. 
650 2 |a Child Behavior Disorders  |x therapy. 
700 1 |a Wood, Mary M. 
999 |a MARS 
999 f f |s a7ac84a3-25dc-3977-afbb-37588cf2be45  |i 9f714f99-6084-3e36-9b84-1dce0d05b449  |t 0 
952 f f |p ric  |a Texas A&M University  |b Rellis Campus  |c Joint Library Facility  |d Remote Storage  |t 0  |e RJ504 .D47  |h Library of Congress classification  |i unmediated -- volume  |k v.1  |m A14806232458 
952 f f |p ric  |a Texas A&M University  |b Rellis Campus  |c Joint Library Facility  |d Remote Storage  |t 0  |e RJ504 .D47  |h Library of Congress classification  |i unmediated -- volume  |k v.2  |m A14806232466 
998 f f |a RJ504 .D47  |s v.1-v.2  |t 0  |l Remote Storage